000 00659nam a2200229 a 4500
005 20210219153415.0
008 991125n 000 0 spa u
035 _aUPN01000097312
100 _aMYERS, Robert G
222 _aREVISTA LATINOAMERICANA DE ESTUDIOS EDUCATIVOS
245 _aRepetición escolar : estudios de caso de dos escuelas rurales en el estado de Oaxaca, México
300 _a55-86
362 _a1995 25, no. 3
653 0 _aEDUCACION RURAL
653 0 _aESCUELA RURAL
653 0 _aMEXICO
653 0 _aOAXACA
653 0 _aREPETICION DE CURSO
653 0 _aREPROBACION ESCOLAR
904 _aAC
_b035123
905 _aArticulo
999 _c76120
_d76120